The black hills: (Record no. 22469)

MARC details
000 -LEADER
fixed length control field 00770cam a22002411 4500
001 - CONTROL NUMBER
control field 6541962
003 - CONTROL NUMBER IDENTIFIER
control field BDDh-ASL
005 - DATE AND TIME OF LATEST TRANSACTION
control field 20231015030133.0
008 - FIXED-LENGTH DATA ELEMENTS--GENERAL INFORMATION
fixed length control field 770316s1958 enka 000 0 eng
010 ## - LIBRARY OF CONGRESS CONTROL NUMBER
LC control number 58041925
035 ## - SYSTEM CONTROL NUMBER
System control number (OCoLC)2806525
040 ## - CATALOGING SOURCE
Original cataloging agency DLC
Transcribing agency MdBJ
Modifying agency OCoLC
-- DLC
-- BDDh-ASL
042 ## - AUTHENTICATION CODE
Authentication code premarc
050 00 - LIBRARY OF CONGRESS CALL NUMBER
Classification number DS485.C8
Item number R87
082 ## - DEWEY DECIMAL CLASSIFICATION NUMBER
Classification number 954.4
Item number WIB
100 1# - MAIN ENTRY--PERSONAL NAME
Personal name Rushbrook Williams, L. F.
Fuller form of name (Laurence Frederic),
Dates associated with a name 1890-1978.
245 14 - TITLE STATEMENT
Title The black hills:
Remainder of title Kutch in history and legend: a study in Indian local loyalties /
260 ## - PUBLICATION, DISTRIBUTION, ETC.
Place of publication, distribution, etc. London :
Name of publisher, distributor, etc. Weidenfeld and Nicolson,
Date of publication, distribution, etc. [1958]
300 ## - PHYSICAL DESCRIPTION
Extent 276 p. :
Other physical details illus.
Dimensions 23 cm.
651 #0 - SUBJECT ADDED ENTRY--GEOGRAPHIC NAME
Geographic name Kachchh (India)
General subdivision History.
906 ## - LOCAL DATA ELEMENT F, LDF (RLIN)
a 7
b cbc
c oclcrpl
d u
e ncip
f 19
g y-gencatlg
942 ## - ADDED ENTRY ELEMENTS (KOHA)
Source of classification or shelving scheme Dewey Decimal Classification
Koha item type Books
Holdings
Withdrawn status Lost status Source of classification or shelving scheme Damaged status Not for loan Collection code Home library Current library Shelving location Date acquired Source of acquisition Total Checkouts Full call number Barcode Date last seen Copy number Price effective from Koha item type Public note
    Dewey Decimal Classification   Not For Loan Non-fiction Asiatic Society Library Asiatic Society Library General Stacks 02/28/2021 ASB Library Collections   954.4 WIB 106731 02/28/2021 C-1 02/28/2021 Books RARE

Powered by Koha